000 00780nam a2200253Ia 4500
003 OSt
005 20220927105333.0
006 a|||||r|||| 00| 0
007 ta
008 220926b |||||||| |||| 00| 0 eng d
020 _a9780821375426
024 _a192085
037 _cReference Collections
040 _aRTL
_cRTL
_beng
041 _2eng
_aeng
082 _a"X9(D2).216, P8/UN"
110 _aWORLD BANK
245 0 _aImpact evaluation of India's second and third Andhra Pradesh irrigation projects
_b A case of poverty reduction with low economic returns
260 _aWashington
_bWorld Bank
_c2008
300 _a"xviii, 130p"
_ccm.
700 _aWORLD BANK
942 _h"X9(D2).216, P8/UN"
_cCC
999 _c691944
_d691944